| 000 | 00381 a2200169 4500 | ||
|---|---|---|---|
| 001 | 187361 | ||
| 020 | _a85-7319-211-9 | ||
| 040 | _cMagnum | ||
| 100 | _aRamos, Anna Claudia | ||
| 240 | 1 | 0 |
_aTerra: pra que serve a terra _lpor |
| 245 | 1 | 0 | _aTerra: pra que serve a terra |
| 300 | _a20 | ||
| 362 | 0 | _a2003 | |
| 440 | 1 | _aDimensão | |
| 697 | _aLITERATURA INFANTIL | ||
| 942 | _cBK | ||
| 999 |
_c187361 _d187361 |
||